Library Banner

Introductory business statistics with computer applications (Record no. 13596)

MARC details
000 -LEADER
fixed length control field 00521nam a2200193Ia 4500
001 - CONTROL NUMBER
control field 12866
008 - FIXED-LENGTH DATA ELEMENTS--GENERAL INFORMATION
fixed length control field 140401s9999 xx 000 0 und d
020 ## - INTERNATIONAL STANDARD BOOK NUMBER
International Standard Book Number 0-534-20946-7
040 ## - CATALOGING SOURCE
Transcribing agency PK-LaUMT
082 ## - DEWEY DECIMAL CLASSIFICATION NUMBER
Classification number 519.502433
Item number SHI-I
100 ## - MAIN ENTRY--PERSONAL NAME
Personal name Adams, Arthur J., J.T.
245 ## - TITLE STATEMENT
Title Introductory business statistics with computer applications
Statement of responsibility, etc Adams, Arthur J., J.T.<>Shiffler, Ronald E.
260 ## - PUBLICATION, DISTRIBUTION, ETC. (IMPRINT)
Date of publication, distribution, etc 1995
300 ## - PHYSICAL DESCRIPTION
Extent 806 p.
546 ## - LANGUAGE NOTE
Language note EN
650 ## - SUBJECT ADDED ENTRY--TOPICAL TERM
Topical term or geographic name as entry element Commercial
700 ## - ADDED ENTRY--PERSONAL NAME
Personal name Shiffler, Ronald E.
942 ## - ADDED ENTRY ELEMENTS (KOHA)
Koha item type Books
Holdings
Withdrawn status Lost status Source of classification or shelving scheme Damaged status Not for loan Home library Current library Date acquired Total Checkouts Full call number Barcode Date last seen Date checked out Price effective from Koha item type
    Dewey Decimal Classification     UMT Main Campus UMT Main Campus 2014-04-01 1 519.502433 SHI-I 14738 2025-08-04 2019-10-28 2014-04-21 Books
    Dewey Decimal Classification     UMT Main Campus UMT Main Campus 2014-06-05 2 519.502433 SHI-I 14870 2025-02-21 2025-02-15 2014-06-05 Books